| 000 | 01272nam a2200337 c 4500 | ||
|---|---|---|---|
| 999 |
_c50686 _d50686 |
||
| 003 | BLK | ||
| 005 | 20231220005224.0 | ||
| 008 | 180408b bul|||||r ||||||| ||bul|| | ||
| 010 | _aKNG00054561000 | ||
| 020 | _a954-8560-83-6 | ||
| 040 | _aBLK | ||
| 041 |
_aBUL _cBUL _hENG |
||
| 080 |
_aБългарска литература _b821.163.2 _x-053.5-1 _z821.163.2-053.5-1 |
||
| 080 |
_aБългарска литература _b821.163.2 _x-053.5-32 _z821.163.2-053.5-32 |
||
| 139 |
_aБрод през думите _bБ 82 |
||
| 245 | 1 | 0 |
_aБрод през думите _bСвръхмлада русенска лит. : Сборник _cред. Нели Димитрова Пигулева; худож. Огнян Балканджиев. |
| 257 | _aBGR | ||
| 260 |
_bПарнас _c2005 _fРусе : Авангард принт |
||
| 300 |
_a104 с. _c20 см |
||
| 380 | _aX | ||
| 700 | 1 |
_aПигулева, Нели Димитрова _d1957- _9373978 |
|
| 700 |
_aБалканджиев, Огнян Георгиев _9364857 |
||
| 852 | _aЦб 224278 | ||
| 852 | _aК 821.163.2/Б 82 | ||
| 856 | 4 | _qpdf | |
| 856 | 4 | _qpdf | |
| 942 |
_cKNG _n0 _s1 |
||
| 944 |
_aCR _c27.06.2005 _k _lCRON CRON |
||
| 944 |
_aED _c21.02.2007 |
||
| 999 | _d50686 | ||